[Event "V CAMPEONATO IBEROAMERICANO INDIVIDUAL ABSOLUTO"]
[Site "Linares"]
[Date "2014.07.25"]
[Round "4"]
[Board "8"]
[White "LARREA, Manuel"]
[Black "FORCEN ESTEBAN, Daniel"]
[Result "0-1"]
[WhiteElo "2333"]
[BlackElo "2535"]
[PlyCount "0"]
[EventDate "2014.07.22"]
[EventRounds "9"]
[EventCountry "ESP"]

1. e4 c5 2. Nf3 Nc6 3. c3 Nf6 4. e5 Nd5 5. d4 cxd4 6. cxd4 d6 7. Bc4
Nb6 8. Bb3 dxe5 9. d5 Na5 10. Nc3 Bg4 11. Ba4+ Nxa4 12. Qxa4+ Bd7 13.
Qe4 f6 14. Bd2 Rc8 15. b3 b6 16. Nh4 Nb7 17. Ng6 Nc5 18. Qc2 Rg8 19.
Rd1 e4 20. Nf4 Bb5 21. b4 Nd3+ 22. Nxd3 Bxd3 23. Qb3 Qd7 24. f3 f5 25.
Kf2 e6 26. dxe6 Qd4+ 27. Be3 Qxc3 28. e7 Qxb3 29. exf8Q+ Rxf8 30. axb3
Rf7 31. Rc1 Bc2 32. Rhd1 Rfc7 33. Rd5 g6 34. Bf4 Rc6 35. b5 Rc3 36.
fxe4 Bxe4 37. Re5+ Kf7 38. Rxc3 Rxc3 39. Bg5 Rc7 40. h4 Bc2 41. b4 Rd7
42. g3 Bd3 43. Ke3 Bc4 44. Kf4 Be6 45. Ke3 Rd1 46. Ke2 Rd4 47. Bd2 Kf6
48. Re3 Bc4+ 49. Ke1 Re4 50. Rxe4 fxe4 51. Bf4 Bxb5 52. Bb8 a5 53. Ba7
axb4 54. Bxb6 Kf5 55. Kf2 b3 56. Bd4 Kg4 57. Be5 Bc6 58. Ke3 Kh3 59.
Kf2 Bb7 60. Ke3 Kg2 61. Ke2 Bc6 62. Ke3 Kf1 63. Bc3 h5 64. Bf6 Ke1 65.
Ba1 Kd1 66. Kd4 0-1

[Event "V CAMPEONATO IBEROAMERICANO INDIVIDUAL ABSOLUTO"]
[Site "Linares"]
[Date "2014.07.26"]
[Round "5"]
[Board "9"]
[White "ANTON GUIJARRO, David"]
[Black "RUIZ C, Joshua D"]
[Result "1-0"]
[WhiteElo "2631"]
[BlackElo "2374"]
[PlyCount "0"]
[EventDate "2014.07.22"]
[EventRounds "9"]
[EventCountry "ESP"]

1. Nf3 c5 2. c4 Nc6 3. d4 cxd4 4. Nxd4 g6 5. e4 Bg7 6. Be3 Nf6 7. Nc3
d6 8. Be2 O-O 9. O-O Bd7 10. h3 Nxd4 11. Bxd4 Bc6 12. Qc2 a5 13. Rad1
Nd7 14. Bxg7 Kxg7 15. Bg4 Ne5 16. c5 Nxg4 17. hxg4 Qd7 18. cxd6 exd6
19. f3 Qe6 20. Rd4 Qe5 21. Qd2 h5 22. gxh5 Qxh5 23. Rxd6 Rh8 24. Qd4+
Kg8 25. Qf6 Qc5+ 26. Rd4 Re8 27. Rd1 Re6 28. Qf4 Kg7 29. a3 b5 30. Ne2
Rf6 31. Qc1 Qb6 32. Qe3 Qc7 33. e5 Rf5 34. Rd6 Bxf3 35. gxf3 Qe7 36.
f4 Rfh5 37. Ng3 Qh4 38. R1d2 Qg4 39. Rg2 1-0

[Event "V CAMPEONATO IBEROAMERICANO INDIVIDUAL ABSOLUTO"]
[Site "Linares"]
[Date "2014.07.27"]
[Round "6"]
[Board "1"]
[White "VAZQUEZ IGARZA, Renier"]
[Black "BACHMANN, Axel"]
[Result "0-1"]
[WhiteElo "2603"]
[BlackElo "2652"]
[PlyCount "0"]
[EventDate "2014.07.22"]
[EventRounds "9"]
[EventCountry "ESP"]

1. Nf3 d5 2. d4 c6 3. c4 e6 4. Nbd2 f5 5. g3 Bd6 6. Bg2 Nf6 7. O-O
Nbd7 8. b3 O-O 9. Bb2 b6 10. Ne5 Bb7 11. Rc1 Qe7 12. Ndf3 Rac8 13. Nd3
Ne4 14. Nfe5 Nxe5 15. dxe5 Ba3 16. Qc2 Bxb2 17. Qxb2 c5 18. cxd5 exd5
19. f3 Ng5 20. f4 Ne6 21. Qd2 d4 22. Bxb7 Qxb7 23. a4 a6 24. Ne1 b5
25. axb5 axb5 26. Qd3 Qc6 27. Qf3 Qb6 28. Nd3 c4 29. bxc4 bxc4 30. Rb1
Qd8 31. Nf2 Rf7 32. Rb7 Rxb7 33. Qxb7 Rc7 34. Qb6 Qd5 35. Ra1 Rb7 36.
Qd6 Qxd6 37. exd6 Rb6 38. d7 Kf7 39. Ra5 Ke7 40. Rxf5 d3 41. d8Q+ Kxd8
42. Nxd3 cxd3 43. Rd5+ Ke7 44. Rxd3 g5 45. fxg5 Nxg5 46. Kg2 Kf6 47.
Rd4 Ke5 48. Ra4 Ne4 49. Ra7 h6 50. Ra5+ Kf6 51. Kf3 Ng5+ 52. Kf2 Kg6
53. Ra4 Rf6+ 54. Kg2 Re6 55. Kf1 Ne4 56. Rd4 Nc3 57. Rd2 Kf5 58. Rc2
Nd1 59. Rd2 Ne3+ 60. Kg1 Ke4 61. Ra2 Rd6 62. Ra4+ Rd4 63. Rxd4+ Kxd4
64. Kf2 Ke4 65. h3 h5 66. Kg1 Nd5 67. Kf2 Nf6 68. g4 h4 69. g5 Nh5 70.
g6 Ng7 71. e3 Ne6 72. Ke2 Kf5 73. Kd3 Kxg6 74. Ke4 Ng5+ 75. Kf4 Kh5
 0-1

[Event "V CAMPEONATO IBEROAMERICANO INDIVIDUAL ABSOLUTO"]
[Site "Linares"]
[Date "2014.07.28"]
[Round "8"]
[Board "5"]
[White "LEON HOYOS, Manuel"]
[Black "CAMACHO COLLADOS, Marcos"]
[Result "1/2-1/2"]
[WhiteElo "2517"]
[BlackElo "2440"]
[PlyCount "0"]
[EventDate "2014.07.22"]
[EventRounds "9"]
[EventCountry "ESP"]

1. c4 e5 2. g3 Nf6 3. Bg2 h6 4. a3 c6 5. d4 exd4 6. Nf3 d5 7. Qxd4 Be6
8. cxd5 cxd5 9. O-O Nc6 10. Qd3 Be7 11. b4 O-O 12. Bb2 Qd7 13. Rd1
Rfd8 14. Nbd2 Bf5 15. Qb3 Rac8 16. Rac1 Bh3 17. b5 Na5 18. Qa4 Bxg2
19. Kxg2 b6 20. Ne5 Qe6 21. Ndf3 Ne4 22. Nc6 Nxc6 23. Rxc6 Rxc6 24.
bxc6 Bc5 25. Nd4 Bxd4 26. Qxd4 Nf6 27. Qa4 Ne4 28. c7 Rc8 29. Qxa7 Ng5
30. Rd2 Re8 31. Qb8 Kh7 32. c8Q Rxc8 33. Qe5 Qxe5 34. Bxe5 Ra8 35. Rd3
Ne6 36. Bb2 Rd8 37. Rb3 Rd6 38. Rb5 f6 39. h4 Kg6 40. a4 d4 41. f4 f5
42. h5+ Kxh5 43. Rxf5+ Kg4 44. Re5 d3 45. exd3 Rxd3 46. Rxe6 Rd2+ 47.
Kf1 Rxb2 48. Rg6+ Kf3 49. Ke1 Ra2 50. Rxg7 Rxa4 51. Kd2 Rd4+ 52. Kc3
Rd6 53. f5 Ke4 54. g4 Ke5 55. Rh7 Rf6 56. Rh8 Kf4 57. Rg8 h5 58. Rg6
Rf8 59. gxh5 Kxf5 60. Rg1 Rh8 61. Rh1 Rh6 62. Kc4 Kg5 63. Kb5 Rxh5 64.
Rxh5+ Kxh5 65. Kxb6 1/2-1/2

[Event "V CAMPEONATO IBEROAMERICANO INDIVIDUAL ABSOLUTO"]
[Site "Linares"]
[Date "2014.07.28"]
[Round "8"]
[Board "11"]
[White "ORTIZ SUAREZ, Isan Reynaldo"]
[Black "VEGA GUTIERREZ, Sabrina"]
[Result "1-0"]
[WhiteElo "2592"]
[BlackElo "2400"]
[PlyCount "0"]
[EventDate "2014.07.22"]
[EventRounds "9"]
[EventCountry "ESP"]

1. e4 c5 2. Nf3 Nf6 3. Nc3 d5 4. exd5 Nxd5 5. Bb5+ Bd7 6. Ne5 Nf6 7.
Nxd7 Nbxd7 8. O-O e6 9. Re1 Bd6 10. d4 O-O 11. dxc5 Nxc5 12. Bf1 Qb6
13. Qf3 Rac8 14. Nb5 Be7 15. c4 a6 16. Nc3 Rfd8 17. b3 Qc6 18. Qe3 Ng4
19. Qg3 Bf6 20. Rb1 h5 21. Bf4 Bd4 22. Rb2 e5 23. Bg5 f6 24. Bc1 e4
25. Nd5 Qe6 26. h3 Bxb2 27. Bxb2 Ne5 28. f4 h4 29. Qe3 Ned3 30. Re2
Nxb2 31. Rxb2 b5 32. Rd2 Kf8 33. Be2 f5 34. Rd1 Nd7 35. cxb5 axb5 36.
Kh2 Nf6 37. Nxf6 Rxd1 38. Nh7+ Kg8 39. Ng5 Qd7 40. Bxd1 Qxd1 41. Qa7
Qd5 42. Qe7 Qc6 43. Qf7+ Kh8 44. Qh5+ Kg8 45. Qh7+ Kf8 46. Qh8+ Ke7
47. Qxg7+ Kd6 48. Qe5+ Kd7 49. Qxf5+ Kc7 50. Nxe4 Re8 51. Ng5 Re2 52.
Qg4 Rxa2 53. Nf3 Qd5 54. b4 Ra4 55. Qg7+ Kb6 56. Qf6+ Kc7 57. Qxh4 Qd6
58. Ne5 Rxb4 59. Qh7+ Kb6 60. Qf7 Rd4 61. h4 Kc5 62. Qa7+ Kd5 63. Qf7+
Ke4 64. h5 b4 65. Nf3 Rd5 66. Kg3 b3 67. Qe8+ Kd3 68. Ne1+ Kd2 69.
Nf3+ Kd3 70. Qe1 Kc2 71. Qe2+ Kc3 72. Qe1+ Kc2 73. Qe4+ Rd3 74. h6 b2
75. h7 b1Q 76. h8Q Qbb4 77. Qc8+ Kd1 78. Qce8 Qxe4 79. Qxe4 Qd7 80.
Kh2 Qd8 81. f5 Kc1 82. Qc4+ Kb2 83. Qb4+ Ka2 84. Qa4+ Kb2 85. Qf4 Qh8+
86. Kg1 Qf6 87. g4 Qc3 88. Kg2 Qc2+ 89. Kg3 Qe2 90. g5 Qe1+ 91. Kg4
Qe2 92. Qe5+ Qxe5 93. Nxe5 Rd5 94. Kf4 1-0

[Event "V CAMPEONATO IBEROAMERICANO INDIVIDUAL ABSOLUTO"]
[Site "Linares"]
[Date "2014.07.30"]
[Round "9"]
[Board "10"]
[White "LADRON DE GUEVARA PINTO, Paolo"]
[Black "ALONSO ROSELL, Alvar"]
[Result "0-1"]
[WhiteElo "2355"]
[BlackElo "2531"]
[PlyCount "0"]
[EventDate "2014.07.22"]
[EventRounds "9"]
[EventCountry "ESP"]

1. e4 c6 2. Nc3 d5 3. Nf3 Nf6 4. e5 Ne4 5. d4 Nxc3 6. bxc3 c5 7. Bd3
c4 8. Be2 e6 9. h4 Nc6 10. h5 h6 11. Rh3 Qa5 12. Bd2 Bd7 13. Nh2 O-O-O
14. f4 Be7 15. Kf1 Rdg8 16. Ng4 f6 17. Kg1 fxe5 18. fxe5 Rf8 19. Nh2
Kb8 20. Rg3 Rf7 21. Bg4 Bh4 22. Rh3 Be7 23. Rg3 Bh4 24. Rh3 Be7 25.
Rf3 Rhf8 26. Rxf7 Rxf7 27. Nf3 Rf8 28. g3 Nd8 29. Kg2 Be8 30. Ng1 Qa3
31. Ne2 g5 32. hxg6 Bxg6 33. Nf4 Bh7 34. Kh2 Bg5 35. Qc1 Qa4 36. Be3
Bxc2 37. Qd2 Be4 38. Rf1 Qa3 39. Rf2 Qe7 40. Nh3 Bxe3 41. Qxe3 Rh8 42.
Bh5 Qa3 43. Qd2 Bf5 44. g4 Bb1 45. Kg3 Bxa2 46. Qxa2 Qxc3+ 47. Kg2
Qxd4 48. Qe2 c3 49. Ng1 Nc6 50. Nf3 Qf4 51. Qd3 d4 52. Re2 Rd8 53. Re4
Qc1 54. Re1 Qf4 55. Re4 Qc1 56. Re1 Qb2+ 57. Re2 Nb4 58. Qd1 c2 59.
Qd2 d3 60. Bg6 Rc8 61. Bxd3 Nxd3 62. Qxd3 c1Q 63. Qd6+ Ka8 64. Rxb2
Qxb2+ 65. Kg3 Qb3 66. Qd7 Rf8 0-1